Vocabulary Quiz #4 French Version - Statistics

General Stats
  • This quiz has been taken 159 times
  • The average score is 11 of 13
Answer Stats
French Word English Word % Correct
Oui Yes
100%
tu you
99%
histoire history
97%
aujourd' hui today
93%
Comment How
91%
demain tomorrow
89%
telephone phone
85%
avion plane
85%
sont are
84%
mauvais bad
81%
couleur color
80%
controleur controller
66%
fou crazy
50%
No matching quizzes found
Score Distribution
Percent of People with Each Score
Percentile by Number Answered
Your Score History
You have not taken this quiz